| 000 | 00883nam a22001817a 4500 | ||
|---|---|---|---|
| 999 |
_c15114 _d15114 |
||
| 003 | OSt | ||
| 082 | _2631.75807 NEE/SO | ||
| 088 | _aT 355 | ||
| 100 |
_aNEETHA SHAJU _93599 |
||
| 245 | _aSoil water balance studies in subsurface drip irrigation for amaranthus | ||
| 260 |
_aTavanur 2016 _bDepartment of Land and Water Resources and Conservation Engineering |
||
| 300 | _a112 | ||
| 500 | _aSoil water balance studies in subsurface drip irrigation for amaranthus | ||
| 520 | _aThis study aimed to optimize the depth of installation of laterals and spacing between laterals under subsurface drip irrigation system for amaranthus. It also computed the deep percolation from different layers with different depth of installation of laterals. | ||
| 700 |
_aEr. Priya G. Nair (Guide) _93444 |
||
| 856 | _uhttps://drive.google.com/open?id=1k07S5-VyxkLFbu2AvOzQDt5V1K8skFc0 | ||
| 942 | _cTH | ||